[Event "Kohtla Jaerve Noorte CC"]
[Site "Kohtla Jaerve"]
[Date "2021.09.26"]
[Round "4"]
[White "Kolar, Karl Ustav"]
[Black "Lainevool, Mirko"]
[Result "1-0"]
[WhiteElo "1332"]
[BlackElo "1258"]
[PlyCount "39"]
[EventDate "2021.09.24"]
[EventType "swiss"]
[EventRounds "5"]
[EventCountry "EST"]
[SourceTitle "EXT 2023"]
[Source "ChessBase"]
[SourceDate "2022.10.05"]
[SourceVersion "1"]
[SourceVersionDate "2022.10.05"]
[SourceQuality "1"]

1. e4 e5 2. Nc3 Nc6 3. f4 exf4 4. Nf3 g5 5. h4 g4 6. Ng5 h6 7. Nxf7 Kxf7 8. Bc4+ d5 9. Nxd5 Be6 10. d4 Na5 11. Bxf4 Nxc4 12. 0-0 Ke8 13. Nxc7+ Kd7 14. Nxe6 Kxe6 15. Qxg4+ Ke7 16. Be5 Nxe5 17. dxe5 Qb6+ 18. Kh1 Ke8 19. Rad1 Rh7 20. Qxg8 1-0

[Event "Kohtla Jaerve Noorte CC"]
[Site "Kohtla Jaerve"]
[Date "2021.09.26"]
[Round "5"]
[White "Lain, Sander"]
[Black "Kolar, Karl Ustav"]
[Result "1/2-1/2"]
[WhiteElo "1175"]
[BlackElo "1332"]
[PlyCount "67"]
[EventDate "2021.09.24"]
[EventType "swiss"]
[EventRounds "5"]
[EventCountry "EST"]
[SourceTitle "EXT 2023"]
[Source "ChessBase"]
[SourceDate "2022.10.05"]
[SourceVersion "1"]
[SourceVersionDate "2022.10.05"]
[SourceQuality "1"]

1. e4 e5 2. Bc4 c6 3. Nc3 d5 4. exd5 b5 5. Bb3 b4 6. Nce2 cxd5 7. d3 Nc6 8. Nf3 Bb7 9. Bg5 Be7 10. Bxe7 Ngxe7 11. Ng3 0-0 12. 0-0 a5 13. a4 Ng6 14. Re1 Kh8 15. Nd2 f5 16. Qh5 Nf4 17. Qf3 Nd4 18. Qd1 e4 19. dxe4 Nxb3 20. Nxb3 dxe4 21. Qxd8 Raxd8 22. Nxa5 Ba8 23. Ne2 g5 24. Nb3 Rd7 25. Nxf4 gxf4 26. Nc5 Rd2 27. Ne6 Rc8 28. c3 bxc3 29. bxc3 e3 30. f3 Rg8 31. Nxf4 Bxf3 32. Rxe3 Bxg2 33. Rg3 Bc6 34. Rxg8+ 1/2-1/2

[Event "Kohtla Jaerve Noorte CC"]
[Site "Kohtla Jaerve"]
[Date "2021.09.24"]
[Round "1"]
[White "Kolar, Karl Ustav"]
[Black "Protassov, Vlad"]
[Result "0-1"]
[WhiteElo "1332"]
[BlackElo "1889"]
[PlyCount "30"]
[EventDate "2021.09.24"]
[EventType "swiss"]
[EventRounds "5"]
[EventCountry "EST"]
[SourceTitle "EXT 2023"]
[Source "ChessBase"]
[SourceDate "2022.10.05"]
[SourceVersion "1"]
[SourceVersionDate "2022.10.05"]
[SourceQuality "1"]

1. b4 e5 2. Bb2 Bxb4 3. Bxe5 Nf6 4. e3 Nc6 5. Bb2 d5 6. Nf3 0-0 7. c4 Bg4 8. Nc3 d4 9. Ne2 Ne4 10. Bc1 dxe3 11. fxe3 Bxf3 12. gxf3 Qh4+ 13. Ng3 Nxg3 14. hxg3 Qxh1 15. Bb2 Rad8 0-1